000 02183cam a2200289 4500500
005 20260301000719.0
041 _afre
042 _adc
100 1 0 _aJoly, Nathalie
_eauthor
700 1 0 _aBourrigaud, René
_eauthor
700 1 0 _aKnittel, Fabien
_eauthor
245 0 0 _aTwo 19th century rural entrepreneurs’ experiences: Mathieu de Dombasle and Rieffel
260 _c2018.
500 _a67
520 _aAt the dawn of the 19th century, model farms appeared at several places in Northern and Eastern Europe in order to foster agricultural progress through the use of example and emulation among landowners. Principles of “enlightened” agriculture, aimed at maximizing profits using new cultivation and husbandry methods, were experimented on such farms. This article examines the model farm contribution to the history of agricultural enterprise management, based on an analysis of two French pioneering institutions: Roville and Grand-Jouan. The former was directed by a famous figure of French agronomy, Mathieu de Dombasle, and the latter by a former student of the Roville Institute, Jules Rieffel. The analysis highlights the managerial practices and accounting techniques established that constituted a scholarly form of estate management, as well as a way of thinking and a toolkit that were embedded in this scholarly form. New work disciplines and a spirit of calculation emerged from these “enlightened” agricultural laboratories and these changes contributed to a transformation in the relationship between technique and management. From that point on, the entrepreneur’s rational decisions were considered to play a key role in the success of the agricultural enterprise.
690 _a19th century
690 _aaccountability
690 _aagronomics
690 _aFrance
690 _aJules Rieffel
690 _amanagement
690 _aMathieu de Dombasle
690 _aorganizational innovation
690 _aquantification
786 0 _nEntreprises et histoire | o 88 | 3 | 2018-02-12 | p. 21-36 | 1161-2770
856 4 1 _uhttps://shs.cairn.info/journal-entreprises-et-histoire-2017-3-page-21?lang=en&redirect-ssocas=7080
999 _c1672174
_d1672174